[Event "Casino op 3rd"]
[Site "Velden"]
[Date "1995.??.??"]
[Round "9"]
[White "Pfundner, Klaus"]
[Black "Eger, Axel"]
[Result "1/2-1/2"]
[WhiteElo "1887"]
[BlackElo "1876"]
[PlyCount "79"]
[EventDate "1995.06.30"]
[EventType "swiss"]
[EventRounds "9"]
[EventCountry "AUT"]
[SourceTitle "EXT 2022"]
[Source "ChessBase"]
[SourceDate "2021.10.06"]
[SourceVersion "1"]
[SourceVersionDate "2021.10.06"]
[SourceQuality "1"]

1. e4 e6 2. d4 d5 3. Nd2 Nf6 4. e5 Ne4 5. c3 c5 6. g3 cxd4 7. cxd4 Nc6 8. Ngf3 Qa5 9. Be2 Bb4 10. a3 Bd7 11. Rb1 Bxd2+ 12. Bxd2 Nxd2 13. Qxd2 Qxd2+ 14. Kxd2 Na5 15. b4 Nc4+ 16. Bxc4 dxc4 17. Rhc1 Bc6 18. Ne1 b5 19. Ke3 Kd7 20. a4 a6 21. a5 Rad8 22. Rb2 Bb7 23. Rbc2 Ke7 24. f3 Rd7 25. Rd2 Rhd8 26. Nc2 Rc7 27. Na3 Rdc8 28. Nb1 Bd5 29. Nc3 Rd7 30. Ne2 Rdc7 31. Rc3 Rd7 32. Nf4 Rcd8 33. Nh5 Kf8 34. h4 Bb7 35. Nf4 Ba8 36. h5 h6 37. Rc1 Bd5 38. Rc3 Ba8 39. Ng2 Bb7 40. Nf4 1/2-1/2

[Event "Casino op 3rd"]
[Site "Velden"]
[Date "1995.??.??"]
[Round "5"]
[White "Pfundner, Klaus"]
[Black "Planteu, Albert"]
[Result "1-0"]
[WhiteElo "1887"]
[BlackElo "1648"]
[PlyCount "70"]
[EventDate "1995.06.30"]
[EventType "swiss"]
[EventRounds "9"]
[EventCountry "AUT"]
[SourceTitle "EXT 2022"]
[Source "ChessBase"]
[SourceDate "2021.10.06"]
[SourceVersion "1"]
[SourceVersionDate "2021.10.06"]
[SourceQuality "1"]

1. d4 Nf6 2. c4 g6 3. Nc3 Bg7 4. e4 d6 5. Nf3 0-0 6. Be2 e5 7. dxe5 dxe5 8. Qxd8 Rxd8 9. Bg5 Nbd7 10. Rd1 Rf8 11. h3 c6 12. 0-0 Nc5 13. Nd2 Ne6 14. Be3 Rd8 15. Nb3 b6 16. c5 bxc5 17. Rxd8+ Nxd8 18. Nxc5 Ne6 19. Rd1 Kf8 20. Rd6 Ke8 21. Nxe6 Bxe6 22. Rxc6 Rb8 23. b3 Kd7 24. Ra6 Rb4 25. Rxa7+ Kc6 26. Ba6 Bf8 27. Bd3 Bxb3 28. axb3 Rxb3 29. Rxf7 Nd7 30. Bb5+ Rxb5 31. Nxb5 Bb4 32. Na7+ Kd6 33. Rxh7 Nf6 34. Rh6 Nxe4 35. Rxg6+ Kd7 1-0